BIO - ORGANIC CHEMISTRY AND DRUG DESIGN (Record no. 5905)

MARC details
000 -LEADER
fixed length control field 00441nam a22001577a 4500
005 - DATE AND TIME OF LATEST TRANSACTION
control field 20240109112951.0
008 - FIXED-LENGTH DATA ELEMENTS--GENERAL INFORMATION
fixed length control field 190530b xxu||||| |||| 00| 0 eng d
020 ## - INTERNATIONAL STANDARD BOOK NUMBER
ISBN 978-93-5164-641--9
041 ## - LANGUAGE CODE
Language code of text/sound track or separate title eng
100 ## - MAIN ENTRY--AUTHOR NAME
Personal name SHEWALE, MRS. ASWINI P.,JAGPAT,PRADNYA N.,AND PATIL ,PALLAVI
245 ## - TITLE STATEMENT
Title BIO - ORGANIC CHEMISTRY AND DRUG DESIGN
250 ## - EDITION STATEMENT
Edition statement 2,nd Ed. 2019
260 ## - PUBLICATION, DISTRIBUTION, ETC. (IMPRINT)
Place of publication PUNE
Name of publisher NIRALI PRAKASHAN
300 ## - PHYSICAL DESCRIPTION
Number of Pages A.2 p,
942 ## - ADDED ENTRY ELEMENTS (KOHA)
Koha item type Books
Holdings
Lost status Damaged status Collection code Home library Current library Shelving location Date acquired Source of acquisition Cost, normal purchase price Accession Number Koha item type
    Reference JRU Library JRU Library SHELF-4-A 30/05/2019 PURCHESS 215.00 22875 Books
    PHARMACY JRU Library JRU Library SHELF-19-B 30/05/2019 PURCHESS 215.00 22876 Books
    PHARMACY JRU Library JRU Library SHELF-19-B 30/05/2019 PURCHESS 215.00 22877 Books